000 00503nam a2200169Ia 4500
008 230917s9999||||xx |||||||||||||| ||und||
020 _cRS5600
040 _e234181
_aMAIN
041 _aEnglish
082 _a301.446 C883T
100 _aCrooke, W
245 0 _aTribes and castes of the North Western provinces and Oudh
260 _aNew Delhi
_bAsian Educational Services
_c1896
300 _av. p.
500 _a2359 18/08/2016 KB16/165 22/08/2016 Rashtriya Uchchatar Shiksha Abhiyan
942 _cBK
999 _c18995
_d18995